| 000 | 00443nam a2200169Ia 4500 | ||
|---|---|---|---|
| 003 | GCL | ||
| 008 | 140319s9999 xx 000 0 eng d | ||
| 040 |
_aGCL / _cGCL |
||
| 082 | 0 | 4 |
_a735.22 _bJ N |
| 100 | 1 | _aJANSON, H.W. | |
| 245 | 1 | 0 |
_aNINETEENTH CENTURY SCULPTURE / _cJANSON, H.W. |
| 260 |
_a[S.N] : _bTHAMES AND HUDSON ، _c1986 |
||
| 300 | _a288 P | ||
| 650 | 0 | 4 | _aحسن فتحى |
| 650 | 0 | 4 | _aART MODERN 19TH CENTURY |
| 942 |
_2ddc _cBK |
||
| 999 |
_c25701 _d25701 |
||